000
00216 a2200097 4500
001
45615
100
_a
Hemingway E
245
_a
the dangerous summer
260
_a
London
_b
Hamish Hamilton
_c
090
_c
28781
_d
28781
942
_a
NUST-CAE
_c
M
_c
20870
999
_c
280688
_d
280688